00537cam a22001934a 45000010009000000050017000090080041000260100017000670200040000840400018001240410008001420420008001500800019001580820023001771000007002001010008002072450077002155040051002921284218320180302070148.0020703s2003 mauab b 001 0 eng  a 2002029371 a0767426037 (softcover : alk. paper) aDLCcDLCdDLC aeng apcc a305.800723 WAL00a305.800723 WAL221 a24 aANT00aPersonal encounters :c[edited by] Linda S. Walbridge, April K. Sievert. aIncludes bibliographical references and index.